| 000 | 00000nam##2200000za#4500 |
| 001 | 9.569658 |
| 003 | CaOODSP |
| 005 | 20210624181855 |
| 007 | cr ||||||||||| |
| 008 | 150406|2006||||xxc|||||o f|0| 0 eng|d |
| 040 | |aCaOODSP|beng |
| 043 | |an-cn--- |
| 086 | 1 |aNH18-1/333-2006E-PDF |
| 110 | 2 |aCanada Mortgage and Housing Corporation. |
| 245 | 10|aImpact of the 2010 Winter Olympic Games on the Vancouver and Sea-to-Sky housing market |h[electronic resource] |
| 246 | 3 |aImpact of the 2010 Winter Olympic Games on the Vancouver and Sea-to-Sky housing markets = Incidences des Jeux Olympiques d'hiver de 2010 sur les marchés du logement de Vancouver et de la région Sea-to-Sky |
| 260 | |aOttawa - Ontario : |bCanada Mortgage and Housing Corporation |cNovember 2006. |
| 300 | |a302p.|bfigs. (some coloured), graphs, maps (some coloured), references, tables |
| 490 | 1 |aResearch report |
| 500 | |aContains multiple reports, each with separate title page and pagination. Includes: Research highlight (Socio-economic series 06-022) under the title "Impact of the 2010 Winter Olympic Games on the Vancouver and Sea-to-Sky housing markets". Y compris : Le point en recherche (Série socio-économique 06-022) sous le titre « Incidences des Jeux Olympiques d'hiver de 2010 sur les marchés du logement de Vancouver et de la région Sea-to-Sky ». |
| 546 | |a(Comprend du texte en français.) |
| 590 | |a11-26-Supp|b2011-11-03 |
| 830 | #0|aResearch report (Canada Mortgage and Housing Corporation : Online)|w(CaOODSP)9.506068 |
| 856 | 40|ahttp://publications.gc.ca|qPDF|s9.78 MB|uhttps://publications.gc.ca/collections/collection_2011/schl-cmhc/nh18-1/NH18-1-333-2006-eng.pdf |